000 00962nam a2200265Ia 4500
003 OSt
005 20221005103655.0
006 a|||||r|||| 00| 0
007 ta
008 221004b |||||||| |||| 00| 0 hin d
020 _a9789386835413 (hbk)
_cINR 550.00
024 _a42580
037 _b306, 15/03/2019, Shivalik Prakashan
_cTextual
040 _aCRL
_cCRL
_bhin
041 _2hin
_ahin
082 _aO152:g(Y72), Q9
100 _aदयाशंकर, ले.
245 0 _aआदिवासी सवाल और साहित्य
246 _aĀdivāsī savāl aur sāhitya
260 _aदिल्ली
_bअनुज्ञा बुक्स भारत
_c2019
650 _a आदिवासी समाज
650 _aहिन्दी साहित्य
942 _hO152:g(Y72), Q9
_cTEXL
_2cc
999 _c1010585
_d1010585